<?xml version="1.0" encoding="UTF-8"?><?xml-stylesheet type="text/xsl" href="static/style.xsl"?><OAI-PMH xmlns="http://www.openarchives.org/OAI/2.0/" xmlns:xsi="http://www.w3.org/2001/XMLSchema-instance" xsi:schemaLocation="http://www.openarchives.org/OAI/2.0/ http://www.openarchives.org/OAI/2.0/OAI-PMH.xsd"><responseDate>2026-06-05T01:17:38Z</responseDate><request verb="GetRecord" identifier="oai:riubu.ubu.es:10259/6274" metadataPrefix="marc">https://riubu.ubu.es/oai/request</request><GetRecord><record><header><identifier>oai:riubu.ubu.es:10259/6274</identifier><datestamp>2022-04-27T09:49:39Z</datestamp><setSpec>com_10259.4_103</setSpec><setSpec>com_10259.4_1</setSpec><setSpec>com_10259_2604</setSpec><setSpec>col_10259_6064</setSpec></header><metadata><record xmlns="http://www.loc.gov/MARC21/slim" xmlns:doc="http://www.lyncode.com/xoai" xmlns:xsi="http://www.w3.org/2001/XMLSchema-instance" xmlns:dcterms="http://purl.org/dc/terms/" xsi:schemaLocation="http://www.loc.gov/MARC21/slim http://www.loc.gov/standards/marcxml/schema/MARC21slim.xsd">
<leader>00925njm 22002777a 4500</leader>
<datafield tag="042" ind1=" " ind2=" ">
<subfield code="a">dc</subfield>
</datafield>
<datafield tag="720" ind1=" " ind2=" ">
<subfield code="a">Pérez Manrique, Juan Carlos</subfield>
<subfield code="e">author</subfield>
</datafield>
<datafield tag="260" ind1=" " ind2=" ">
<subfield code="c">2015</subfield>
</datafield>
<datafield tag="520" ind1=" " ind2=" ">
<subfield code="a">En un contexto social en el que el ejercicio y desarrollo&#xd;
del periodismo implica asumir riesgos y superar muchas dificultades,&#xd;
Jacinto Ontañón y su semanario "El Papa-Moscas" desempeñaron&#xd;
un papel fundamental tanto por su presencia en el debate público&#xd;
como generador de opinión a través de la información como por su&#xd;
aportación a la cultura burgalesa del Burgos de la Restauración. Su&#xd;
labor, que tuvo un amplio reconocimiento entre sus contemporáneos,&#xd;
le convierte en el principal referente de la historia del periodismo&#xd;
local.</subfield>
</datafield>
<datafield tag="520" ind1=" " ind2=" ">
<subfield code="a">In a social context where the profession and the deve -&#xd;
lop ment of journalism involves taking risks and overcoming many&#xd;
difficulties, Jacinto Ontañón and his weekly publication El Papa-&#xd;
Moscas played a crucial role because of its presence in the public&#xd;
debate, forming public opinion through information, as well as its&#xd;
contribution to the culture in Burgos during the Age of Restoration.&#xd;
His work, well known amongst his contemporaries, makes him the&#xd;
main figure in the History of the local journalism.</subfield>
</datafield>
<datafield tag="024" ind2=" " ind1="8">
<subfield code="a">0211-8998</subfield>
</datafield>
<datafield tag="024" ind2=" " ind1="8">
<subfield code="a">http://hdl.handle.net/10259/6274</subfield>
</datafield>
<datafield ind1=" " ind2=" " tag="653">
<subfield code="a">Burgos en la Restauración</subfield>
</datafield>
<datafield ind1=" " ind2=" " tag="653">
<subfield code="a">Historia del Periodismo</subfield>
</datafield>
<datafield ind1=" " ind2=" " tag="653">
<subfield code="a">Periodistas</subfield>
</datafield>
<datafield ind1=" " ind2=" " tag="653">
<subfield code="a">Burgos in the Age of Restoration</subfield>
</datafield>
<datafield ind1=" " ind2=" " tag="653">
<subfield code="a">History of Journalism</subfield>
</datafield>
<datafield ind1=" " ind2=" " tag="653">
<subfield code="a">Journalists</subfield>
</datafield>
<datafield tag="245" ind1="0" ind2="0">
<subfield code="a">En recuerdo de Don Jacinto Ontañón: homenaje</subfield>
</datafield>
</record></metadata></record></GetRecord></OAI-PMH>